|
|
|
|
| LEADER |
00000nab a2200000 a 4500 |
| 001 |
vtls000800417 |
| 003 |
SK-MaSNL |
| 005 |
20260303183422.0 |
| 008 |
180206c2002 xo 0 slo |
| 015 |
|
|
|a SNBRB2002/07-22742
|
| 035 |
|
|
|a CLN000152072
|
| 040 |
|
|
|a SNKBUCL
|b slo
|c SNKBUCL
|e AACR2
|
| 041 |
0 |
|
|a slo
|
| 044 |
|
|
|a xo
|c SK
|
| 080 |
|
|
|a 72:061.4
|2 UDC-MRF-SK2
|
| 100 |
1 |
|
|a Zervan, Marian,
|d 1952-
|4 aut
|9 200935
|
| 245 |
1 |
0 |
|a MEGA
|c Marian Zervan
|
| 300 |
|
|
|b Fotogr.
|
| 610 |
|
7 |
|a Künstlerhaus (Viedeň, Rakúsko)
|x MEGA (výstava)
|y 2002
|2 snkbucl
|9 1212561
|
| 650 |
0 |
7 |
|a architektúra experimentálna
|x výstavy
|x 2002
|2 snkbucl
|9 1212562
|
| 655 |
|
7 |
|a články z novín a časopisov
|2 snkbucl
|9 267496
|
| 773 |
0 |
|
|x 1335-3268
|t ARCH
|g Roč. 7, č. 6 (2002), s. 18
|
| 850 |
|
|
|a Slovenská národná knižnica v Martine
|
| 852 |
|
|
|a SNK
|b KIS3GCP
|
| 958 |
|
|
|a RBX
|
| 999 |
|
|
|c 2121069
|d 2122999
|